Minjung's essence english-korean dictionary

Kaydedildi:
Detaylı Bibliyografya
Materyal Türü: Kitap
Dil:İngilizce
Korece
Baskı/Yayın Bilgisi: Seúl The Korea Foundation 1997
Edisyon:7a. ed
Konular:
Etiketler: Etiketle
Etiket eklenmemiş, İlk siz ekleyin!

MARC

LEADER 00000nam a2200000 a 4500
001 UCR8828
003 CL-VaPUC
008 980605e19970000KO |||||||||||||||||eng|d
041 0 7 |a eng  |2 CL-VaPUC 
041 0 7 |a kor  |2 CL-VaPUC 
082 0 4 |a 433.61  |b MIN  |2 21 
245 1 0 |a Minjung's essence english-korean dictionary 
250 |a 7a. ed 
300 |a 2783 p 
942 |c BK 
945 |d 19980605 00:00:00  |a rbrito 
260 |a Seúl  |b The Korea Foundation  |c 1997 
650 0 |a Inglés  |9 260023 
650 7 |a COREANO  |2 CL-VaPUC  |9 411031 
650 0 |a Diccionarios  |9 256200 
583 |a last modification  |c 19980605 00:00:00  |k Rodrigo Vera 
999 |c 270205  |d 270203 
952 |0 0  |1 0  |4 0  |6 433_610000000000000_MIN_1997  |7 0  |8 F  |9 304349  |a BIBGIM  |b BIBGIM  |d 2019-11-20  |i 3430022  |o 433.61 MIN 1997  |p 3430022  |r 2025-01-15  |w 2019-11-20  |y BK_F  |k ORI